The man with a toothbrush in his hat (Record no. 82361)

MARC details
000 -LEADER
fixed length control field 00716nam a2200157 a 4500
008 - FIXED-LENGTH DATA ELEMENTS--GENERAL INFORMATION
fixed length control field 120416s1972 ||||||||||||||||| || u
050 ## - LIBRARY OF CONGRESS CALL NUMBER
Classification number DT 8753.W4 Sam
100 ## - MAIN ENTRY--PERSONAL NAME
Personal name Sampson, Richard
245 14 - TITLE STATEMENT
Title The man with a toothbrush in his hat
246 ## -
-- the story and times of George Copp Westbeech in Central Africa
260 ## - PUBLICATION, DISTRIBUTION, ETC.
Place of publication, distribution, etc. Lusaka
Name of publisher, distributor, etc. Multimedia
Date of publication, distribution, etc. 1972
300 ## - PHYSICAL DESCRIPTION
Extent vi, 158p. : ill.
350 ## -
-- 0.00
995 ## -
-- SPECIAL COLLECTIONS
-- 0.00
-- 718543
-- CBU-MAIN LIBRARY (Kitwe)
-- 1
-- 150.00
-- ZAM DT 8753.W4 Sam
-- 1
-- AVAILABLE
-- 018590
-- Zambiana Collection
995 ## -
-- MAIN LIBRARY OPEN ACCESS
-- 0.00
-- 718542
-- CBU-MAIN LIBRARY (Kitwe)
-- 2
-- 150.00
-- DT 8753.W4 Sam
-- 2
-- AVAILABLE
-- 018589
-- Main Library Open Access Collection
999 ## -
-- 82361
-- 82361
Holdings
Withdrawn status Lost status Source of classification or shelving scheme Damaged status Not for loan Permanent Location Current Location Shelving location Date acquired Total Checkouts Full call number Barcode Date last seen Copy number Price effective from Koha item type
          CBU-MAIN LIBRARY, KITWE. CBU-MAIN LIBRARY, KITWE.   09/27/2023   DT 8753.W4 Sam 018590 09/27/2023 1 09/27/2023 SPECIAL COLLECTION
          CBU-MAIN LIBRARY, KITWE. CBU-MAIN LIBRARY, KITWE.   09/27/2023   DT 8753.W4 Sam 018589 09/27/2023 2 09/27/2023 MONOGRAPH